| 000 | nam a22 7a 4500 | ||
|---|---|---|---|
| 999 |
_c153543 _d153541 |
||
| 005 | 20200110133018.0 | ||
| 008 | 200110b pn ||||| |||| 00| 0 spa d | ||
| 020 | _a9962024595 | ||
| 050 | 0 | 4 |
_aKGH3015 _bG66 2004 |
| 100 | 1 | _aGonzález Montenegro, Rigoberto | |
| 245 | 1 | 3 |
_aEl derecho de acceso a la información y la acción de habeas data _b: un estudio legislativo _c/ Rigoberto González Montenegro, Ramiro A. Esquivel Morales. |
| 250 | _a1a ed. | ||
| 260 |
_aPanamá : _bKonrad-Adenauer-Stiftung : _bFundación para el Desarrollo de la Libertad Ciudadana, _c2004 |
||
| 300 |
_a446 p. : _bil. ; _c25 cm. |
||
| 500 | _a"Análisis e interpretación de la ley de transparencia." | ||
| 500 | _a"Análisis de la reglamentación, las disposiciones de acceso limitado y la jurisprudencia." | ||
| 504 | _aBibliografía : p. 437-443 | ||
| 650 | 7 |
_aLibertad de información _zPanama |
|
| 700 | 1 |
_aEsquivel Morales, Ramiro A., _eautor |
|
| 942 |
_2lcc _cLIB |
||